书目信息 |
| 题名: |
现代信息查询与利用
|
|
| 作者: | 赵静 编著 | |
| 分册: | ||
| 出版信息: | 北京 科学出版社 2004.8 |
|
| 页数: | 20,389页 | |
| 开本: | 25cm | |
| 丛书名: | ||
| 单 册: | ||
| 中图分类: | G252.7-43 | |
| 科图分类: | ||
| 主题词: | 情报检索--qing bao jian suo--高等学校--教材 , 情报检索--qing bao jian suo | |
| 电子资源: | ||
| ISBN: | 7-03-013626-8 | |
| 000 | 00845nam0 2200253 45 | |
| 001 | 012005000794 | |
| 005 | 20051208081821.71 | |
| 010 | @a7-03-013626-8@dCNY30.00 | |
| 100 | @a20050425d2004 em y0chiy0121 ea | |
| 101 | 0 | @achi |
| 102 | @aCN@b110000 | |
| 105 | @ay z 000yy | |
| 200 | 1 | @a现代信息查询与利用@Axian dai xin xi cha xun yu li yon@f赵静编著 |
| 210 | @a北京@c科学出版社@d2004.8 | |
| 215 | @a20,389页@d25cm | |
| 300 | @a21世纪高等院校教材 | |
| 320 | @a有书目 | |
| 330 | @a本书在介绍现代信息查询与利用基本知识、分析各种类型信息资源基础上,重点介绍了针对不同文献源类型检索工具及其使用方法与技巧。 | |
| 606 | 0 | @a情报检索@Aqing bao jian suo@x高等学校@j教材 |
| 606 | 0 | @a情报检索@Aqing bao jian suo |
| 690 | @aG252.7-43@v4 | |
| 701 | 0 | @a赵静@Azhao jing@4编著 |
| 801 | 0 | @aCN@bSRXX@c20051208 |
| 905 | @a10447@dG252.7-43@eZ302 | |
| 现代信息查询与利用/赵静编著.-北京:科学出版社,2004.8 |
| 20,389页;25cm |
| 21世纪高等院校教材 |
| ISBN 7-03-013626-8:CNY30.00 |
| 本书在介绍现代信息查询与利用基本知识、分析各种类型信息资源基础上,重点介绍了针对不同文献源类型检索工具及其使用方法与技巧。 |
| ● |
| 相关链接 |
|
|
|
正题名:现代信息查询与利用
索取号:G252.7-43/Z302
 
预约/预借
| 序号 | 登录号 | 条形码 | 馆藏地/架位号 | 状态 | 备注 |
| 1 | 545467 | 205454676 | 社科库409/409社科库 59排5列1层/ [索取号:G252.7-43/Z302] | 在馆 | |
| 2 | 545468 | 205454685 | 社科库409/409社科库 59排5列1层/ [索取号:G252.7-43/Z302] | 在馆 | |
| 3 | 545469 | 205454694 | 社科库409/409社科库 59排5列1层/ [索取号:G252.7-43/Z302] | 在馆 |